[Event "Prva liga Srbije 2009"]
[Site "Kragujevac"]
[Date "2009.09.01"]
[Round "1"]
[White "Jovanovic, Sasa M"]
[Black "Miroshnichenko, Evgenij"]
[Result "0-1"]
[WhiteElo "2293"]
[BlackElo "2690"]
[PlyCount "90"]
[EventDate "2009.??.??"]
[Source "Perpetual Check"]

1. Nf3 Nf6 2. g3 d5 3. Bg2 c6 4. O-O Bg4 5. Ne5 Bf5 6. c4 e6 7. cxd5 exd5 8. d4
Bd6 9. Nc3 O-O 10. Bf4 Na6 11. Qb3 Rb8 12. Qa4 Nc7 13. Qxa7 Ne6 14. f3 Nxf4 15.
gxf4 Nh5 16. e3 f6 17. Ng4 Bd3 18. Rfd1 Ba6 19. Na4 Bb5 20. b3 b6 21. Bh3 f5
22. Nxb6 Rf7 23. Qa5 fxg4 24. Bxg4 Nf6 25. Be6 Qxb6 26. Qd2 Ba3 27. Kh1 Qc7 28.
Rg1 Re8 29. Bxf7+ Qxf7 30. Rg5 h6 31. Rg3 Nh5 32. Rh3 Qf5 33. Rh4 Nf6 34. Rg1
Kh7 35. Rg5 Qb1+ 36. Rg1 Qb2 37. Qe1 Bd3 38. Qg3 Bf8 39. e4 Kh8 40. e5 Ne4 41.
Rxh6+ Kg8 42. Qh4 Nf2+ 43. Kg2 Ng4+ 44. Kh1 Nxh6 45. Qxh6 Qf2 0-1

[Event "Prva liga Srbije 2009"]
[Site "Kragujevac"]
[Date "2009.09.01"]
[Round "1"]
[White "Vuckovic, Bojan"]
[Black "Dudukovic, Nikola"]
[Result "1-0"]
[WhiteElo "2600"]
[BlackElo "2210"]
[PlyCount "67"]
[EventDate "2009.??.??"]
[Source "Perpetual Check"]

1. e4 c5 2. Nf3 e6 3. d4 cxd4 4. Nxd4 a6 5. c4 Nf6 6. Nc3 Qc7 7. a3 b6 8. Be3
Bb7 9. f3 d6 10. Rc1 Nbd7 11. Be2 Rc8 12. O-O Be7 13. Qd2 O-O 14. b4 Qb8 15.
Kh1 Bd8 16. Rc2 Bc7 17. Bg1 Kh8 18. Rb1 Rg8 19. Na4 Qa8 20. c5 dxc5 21. bxc5
bxc5 22. Nxc5 Nxc5 23. Rxc5 Rgd8 24. Qb2 Rb8 25. Rxc7 Bxe4 26. fxe4 Rxb2 27.
Rxb2 Qxe4 28. Rxf7 h6 29. Bf3 Qe1 30. Nc6 Rc8 31. Rbb7 Ng4 32. Bxg4 Rxc6 33.
Rbe7 h5 34. Bf5 1-0

[Event "Prva liga Srbije 2009"]
[Site "Kragujevac"]
[Date "2009.09.01"]
[Round "1"]
[White "Cabrilo, Goran"]
[Black "Milutinovic, Dejan D"]
[Result "1/2-1/2"]
[WhiteElo "2492"]
[BlackElo "2069"]
[PlyCount "124"]
[EventDate "2009.??.??"]
[Source "Perpetual Check"]

1. Nf3 Nf6 2. c4 c6 3. d4 d6 4. Nc3 Nbd7 5. e4 e5 6. Be2 Be7 7. O-O O-O 8. Be3
Qc7 9. d5 c5 10. Ne1 a6 11. a3 h6 12. Nd3 Nh7 13. f3 Qd8 14. b4 b6 15. Rb1 Qc7
16. Kh1 Qd8 17. Rb2 Bf6 18. Bg1 Re8 19. bxc5 bxc5 20. Qa4 Rb8 21. Rfb1 Rxb2 22.
Rxb2 Qc7 23. Bf2 Bb7 24. Nd1 Rb8 25. Be1 Bd8 26. Ne3 Nhf8 27. Bd1 Nb6 28. Qc2
Nbd7 29. a4 Bg5 30. Nf1 Ng6 31. g3 Bc8 32. a5 Ndf8 33. h4 Bd8 34. Rxb8 Qxb8 35.
Ne3 Bd7 36. Be2 Bc7 37. Nf2 Qd8 38. Qc3 Ne7 39. Bd3 g6 40. Kg1 Nh7 41. f4 f6
42. Bd2 Qc8 43. Ng2 h5 44. Ne3 Kf7 45. Be2 f5 46. fxe5 dxe5 47. Nd3 f4 48. gxf4
exf4 49. Ng2 Bg4 50. Bxg4 Qxg4 51. Bxf4 Bxf4 52. Ndxf4 g5 53. Ne6 gxh4 54. Qh8
Qxe4 55. Qg7+ Ke8 56. Qh8+ Kf7 57. Qf8+ Nxf8 58. Ng5+ Kf6 59. Nxe4+ Ke5 60.
Nxc5 Kd4 61. Nxa6 Kxc4 62. Nc7 Nxd5 1/2-1/2

[Event "Prva liga Srbije 2009"]
[Site "Kragujevac"]
[Date "2009.09.01"]
[Round "1"]
[White "Nikcevic, Branko"]
[Black "Jeremic, Veljko"]
[Result "1/2-1/2"]
[WhiteElo "2153"]
[BlackElo "2494"]
[PlyCount "102"]
[EventDate "2009.??.??"]
[Source "Perpetual Check"]

1. e4 e6 2. d4 d5 3. Nd2 c5 4. exd5 Qxd5 5. Ngf3 cxd4 6. Bc4 Qd6 7. O-O Nf6 8.
Nb3 Nc6 9. Nbxd4 Nxd4 10. Qxd4 Bd7 11. b3 b5 12. Bd3 Qxd4 13. Nxd4 a6 14. c4
Bc5 15. Bb2 bxc4 16. Bxc4 Ke7 17. Rac1 Rhc8 18. Be2 Bxd4 19. Bxd4 Bb5 20. Bxb5
axb5 21. Rxc8 Rxc8 22. a4 bxa4 23. bxa4 Rc4 24. Bxf6+ gxf6 25. Ra1 Kd7 26. g3
Kc7 27. Kg2 f5 28. a5 Kb7 29. Rb1+ Ka6 30. Rb6+ Kxa5 31. Rb7 h5 32. h4 f4 33.
Rxf7 fxg3 34. fxg3 Kb5 35. Rf6 Rc2+ 36. Kf3 Rc3+ 37. Kf4 e5+ 38. Kxe5 Rxg3 39.
Rf5 Kc6 40. Rxh5 Kd7 41. Kf4 Rg1 42. Re5 Rf1+ 43. Kg5 Rg1+ 44. Kh6 Rh1 45. h5
Rg1 46. Kh7 Rg2 47. h6 Rg1 48. Ra5 Ke7 49. Ra7+ Kf8 50. Rg7 Rf1 51. Rg5 Kf7
1/2-1/2

[Event "Prva liga Srbije 2009"]
[Site "Kragujevac"]
[Date "2009.09.01"]
[Round "1"]
[White "Savic, Miodrag R"]
[Black "Senic, Branko"]
[Result "1-0"]
[WhiteElo "2545"]
[BlackElo "2149"]
[PlyCount "59"]
[EventDate "2009.??.??"]
[Source "Perpetual Check"]

1. e4 c5 2. c3 e6 3. d4 d5 4. e5 Nc6 5. Nf3 Qc7 6. Be2 Bd7 7. O-O Nge7 8. a3
Ng6 9. b4 c4 10. h4 f6 11. h5 Nge7 12. Bf4 f5 13. g3 h6 14. Nh4 O-O-O 15. a4
Be8 16. Na3 Nb8 17. Nb5 Bxb5 18. axb5 Qb6 19. Ra5 Kc7 20. Qa4 Nc8 21. Ng6 Rg8
22. Ra1 Kd7 23. Qc2 Ne7 24. Qa4 Nxg6 25. hxg6 Be7 26. Be3 Rc8 27. Rxa7 Bg5 28.
f4 Bd8 29. Qa5 Kc7 30. Rxb7+ 1-0

[Event "Prva liga Srbije 2009"]
[Site "Kragujevac"]
[Date "2009.09.01"]
[Round "1"]
[White "Ilincic, Zlatko"]
[Black "Marinkovic, Ivan"]
[Result "1/2-1/2"]
[WhiteElo "2474"]
[BlackElo "2461"]
[PlyCount "20"]
[EventDate "2009.??.??"]
[Source "Perpetual Check"]

1. d4 Nf6 2. c4 c5 3. d5 b5 4. Qc2 bxc4 5. e4 g6 6. Bxc4 d6 7. Nf3 Bg7 8. O-O
O-O 9. Nbd2 a5 10. Rb1 a4 1/2-1/2

[Event "Prva liga Srbije 2009"]
[Site "Kragujevac"]
[Date "2009.09.01"]
[Round "1"]
[White "Ostojic, Nikola"]
[Black "Pavlovic, Milos M"]
[Result "1/2-1/2"]
[WhiteElo "2412"]
[BlackElo "2533"]
[PlyCount "100"]
[EventDate "2009.??.??"]
[Source "Perpetual Check"]

1. d4 Nf6 2. c4 e6 3. Nf3 d5 4. g3 dxc4 5. Qa4+ Nc6 6. Bg2 Bb4+ 7. Bd2 Nd5 8.
Bxb4 Ndxb4 9. a3 b5 10. Qxb5 Nc2+ 11. Kd2 Bd7 12. Kxc2 Nxd4+ 13. Nxd4 Bxb5 14.
Nxb5 Rb8 15. Bc6+ Kf8 16. N5c3 Qd6 17. Bf3 Qb6 18. Ra2 Ke7 19. Nd2 Rhd8 20. Rf1
Rd7 21. e3 Rbd8 22. Nxc4 Qc5 23. Be2 Qf5+ 24. Kc1 Rd3 25. e4 Qg5+ 26. f4 Qc5
27. Bxd3 Rxd3 28. Nd2 Qe3 29. Ncb1 Qe2 30. Kc2 Re3 31. Nc3 Qxh2 32. Raa1 Rxg3
33. Rh1 Qf2 34. Raf1 Qe3 35. Rh2 h6 36. f5 c6 37. f6+ gxf6 38. Rhf2 Qd3+ 39.
Kc1 Qd4 40. Nf3 Qc5 41. Kc2 h5 42. Rh2 Qe3 43. Nd2 Rh3 44. Rhf2 Qd3+ 45. Kc1
Qd4 46. Kc2 h4 47. Nf3 Qe3 48. Re2 Qf4 49. Ref2 Qe3 50. Re2 Qf4 1/2-1/2

[Event "Prva liga Srbije 2009"]
[Site "Kragujevac"]
[Date "2009.09.01"]
[Round "1"]
[White "Tadic, Branko"]
[Black "Benkovic, Petar"]
[Result "1-0"]
[WhiteElo "2532"]
[BlackElo "2463"]
[PlyCount "99"]
[EventDate "2009.??.??"]
[Source "Perpetual Check"]

1. Nf3 Nf6 2. c4 e6 3. g3 d5 4. Bg2 dxc4 5. Qa4+ Qd7 6. Qxc4 Qc6 7. b3 Qxc4 8.
bxc4 Nc6 9. Nc3 a6 10. Rb1 Be7 11. O-O O-O 12. d3 Rd8 13. Nd2 Ra7 14. Bxc6 bxc6
15. Nb3 Bd7 16. Na5 Raa8 17. Bf4 Ne8 18. Nb7 Rdb8 19. Na4 Bc8 20. Nbc5 Bd6 21.
Bd2 Nf6 22. Ba5 Kf8 23. d4 Ne8 24. Nd3 f6 25. e4 Be7 26. e5 f5 27. f4 Kf7 28.
Kf2 Rxb1 29. Rxb1 g6 30. Ke3 h6 31. h3 Bd8 32. Nac5 Be7 33. Rb3 Kg7 34. Nb4
Bxc5 35. dxc5 Bb7 36. Nc2 Bc8 37. Nd4 Bd7 38. Rd3 Kf8 39. Nxf5 gxf5 40. Rxd7
Rb8 41. Bxc7 Rb2 42. Bd6+ Kg8 43. Re7 Ng7 44. Rc7 Rxa2 45. Rxc6 Ra3+ 46. Kd2
Rxg3 47. Rxa6 Rg2+ 48. Kc3 Nh5 49. c6 Nxf4 50. c7 1-0

[Event "Prva liga Srbije 2009"]
[Site "Kragujevac"]
[Date "2009.09.01"]
[Round "1"]
[White "Marjanovic, Slavoljub"]
[Black "Solak, Dragan"]
[Result "1/2-1/2"]
[WhiteElo "2480"]
[BlackElo "2583"]
[PlyCount "92"]
[EventDate "2009.??.??"]
[Source "Perpetual Check"]

1. e4 c6 2. d4 d5 3. Nd2 dxe4 4. Nxe4 Bf5 5. Ng3 Bg6 6. h4 h6 7. Nf3 Nd7 8. h5
Bh7 9. Bd3 Bxd3 10. Qxd3 e6 11. Bf4 Qa5+ 12. Bd2 Bb4 13. c3 Be7 14. c4 Qc7 15.
O-O-O Ngf6 16. Kb1 O-O 17. Qe2 b5 18. Rc1 Qb7 19. Ne5 Nxe5 20. dxe5 Nd7 21. f4
bxc4 22. Qxc4 Rab8 23. Rc2 c5 24. Qe4 f5 25. exf6 Bxf6 26. Qxb7 Rxb7 27. Ne4
Bd4 28. Re1 e5 29. fxe5 Bxe5 30. Be3 c4 31. Bc1 Rc8 32. Re3 Nf6 33. Nd2 Bf4 34.
Rh3 Rbc7 35. Rh4 Nd5 36. Ne4 Bxc1 37. Rxc1 c3 38. Rc2 cxb2 39. Rxc7 Rxc7 40.
Kxb2 Rb7+ 41. Kc1 Rb4 42. g3 g5 43. hxg6 Kg7 44. Rh5 Rxe4 45. Rxd5 Kxg6 46. Ra5
Re7 1/2-1/2

[Event "Prva liga Srbije 2009"]
[Site "Kragujevac"]
[Date "2009.09.01"]
[Round "1"]
[White "Markus, Robert"]
[Black "Martinovic, Slobodan"]
[Result "1-0"]
[WhiteElo "2608"]
[BlackElo "2452"]
[PlyCount "113"]
[EventDate "2009.??.??"]
[Source "Perpetual Check"]

1. d4 d5 2. c4 c6 3. Nf3 Nf6 4. e3 Bf5 5. Nc3 e6 6. Nh4 Be4 7. f3 Bg6 8. Qb3
Qb6 9. Nxg6 hxg6 10. Bd2 Nbd7 11. O-O-O Qxb3 12. axb3 Bb4 13. Bd3 c5 14. cxd5
exd5 15. g4 Nb6 16. Kb1 Rh3 17. Be2 Kf8 18. dxc5 Bxc5 19. g5 Nh5 20. Bc1 Re8
21. Nxd5 Nxd5 22. Rxd5 Bxe3 23. Bb5 Nf4 24. Rdd1 Bxc1 25. Bxe8 Be3 26. Bb5 Ne6
27. Rd7 Bxg5 28. Rxb7 Rxf3 29. Rf1 Rxf1+ 30. Bxf1 Be3 31. Bc4 Nd8 32. Rd7 Bb6
33. Kc2 Ke8 34. Bb5 Kf8 35. b4 g5 36. Rd5 f6 37. h3 Nf7 38. Kd3 Ne5+ 39. Ke4 g6
40. Rd6 Kg7 41. Be2 Bc7 42. Ra6 Bb6 43. Kd5 Kf7 44. Kd6 Bd4 45. b5 Bf2 46. b4
Be3 47. Rc6 Bb6 48. Rxb6 axb6 49. Kc7 f5 50. Kxb6 g4 51. hxg4 fxg4 52. Ka7 g3
53. Bf1 Ke7 54. b6 Nc6+ 55. Ka8 Nxb4 56. b7 Nc6 57. Bg2 1-0

[Event "Prva liga Srbije 2009"]
[Site "Kragujevac"]
[Date "2009.09.01"]
[Round "1"]
[White "Miljkovic, Miroslav D"]
[Black "Kovacevic, Aleksandar"]
[Result "1/2-1/2"]
[WhiteElo "2467"]
[BlackElo "2562"]
[PlyCount "44"]
[EventDate "2009.??.??"]
[Source "Perpetual Check"]

1. d4 Nf6 2. c4 e6 3. Nf3 b6 4. g3 Ba6 5. b3 Bb4+ 6. Bd2 Be7 7. Bg2 c6 8. Bc3
d5 9. Ne5 Nfd7 10. Nxd7 Nxd7 11. Nd2 O-O 12. O-O f5 13. Rc1 Rc8 14. Bb2 Bb7 15.
Rc2 Bd6 16. e3 Qe7 17. Qe2 Nf6 18. Rd1 Rfd8 19. Rdc1 h6 20. cxd5 cxd5 21. Nb1
Rxc2 22. Rxc2 Qd7 1/2-1/2

[Event "Prva liga Srbije 2009"]
[Site "Kragujevac"]
[Date "2009.09.01"]
[Round "1"]
[White "Popovic, Dusan"]
[Black "Perunovic, Miodrag"]
[Result "1-0"]
[WhiteElo "2552"]
[BlackElo "2439"]
[PlyCount "87"]
[EventDate "2009.??.??"]
[Source "Perpetual Check"]

1. e4 c5 2. Ne2 Nf6 3. Nbc3 d6 4. g3 Nc6 5. Bg2 g6 6. O-O Bg7 7. d3 O-O 8. h3
Bd7 9. f4 Rb8 10. g4 b5 11. Ng3 b4 12. Nce2 Qb6 13. Kh1 Nd4 14. Nxd4 cxd4 15.
f5 Ba4 16. b3 Bb5 17. Ne2 Nd7 18. Nf4 Bc6 19. Rf2 Rbc8 20. g5 Bb7 21. Qg4 Rc7
22. h4 Ne5 23. Qg3 Rfc8 24. h5 Rxc2 25. Bd2 Rb2 26. fxg6 hxg6 27. hxg6 Nxg6 28.
Nxg6 fxg6 29. Bh3 d5 30. Bxc8 Bxc8 31. Qf3 Be6 32. exd5 Bf5 33. Be1 Rxf2 34.
Bxf2 Qa6 35. Re1 Qxa2 36. d6 e5 37. Qd5+ Kh7 38. Kg2 Bh3+ 39. Kxh3 Qxf2 40. Qe4
Qf7 41. Kg2 Qe6 42. Rh1+ Kg8 43. Qa8+ Bf8 44. Rh8+ 1-0

[Event "Prva liga Srbije 2009"]
[Site "Kragujevac"]
[Date "2009.09.01"]
[Round "1"]
[White "Maksimovic, Branimir"]
[Black "Popovic, Petar"]
[Result "1/2-1/2"]
[WhiteElo "2421"]
[BlackElo "2496"]
[PlyCount "116"]
[EventDate "2009.??.??"]
[Source "Perpetual Check"]

1. Nf3 Nf6 2. c4 g6 3. Nc3 d5 4. cxd5 Nxd5 5. h4 h6 6. e4 Nxc3 7. bxc3 Bg7 8.
d4 c5 9. Be3 Qa5 10. Qd2 Nc6 11. Rc1 cxd4 12. cxd4 Qxd2+ 13. Kxd2 f5 14. d5
fxe4 15. dxc6 exf3 16. gxf3 bxc6 17. Rxc6 Bb7 18. Bb5 Rd8+ 19. Rd6+ Kf7 20.
Bc4+ e6 21. Rxd8 Rxd8+ 22. Ke2 Bd5 23. Rc1 Rc8 24. Bxd5 Rxc1 25. Bxe6+ Kxe6 26.
Bxc1 a6 27. Kd3 Kd5 28. Be3 h5 29. Bg5 Bd4 30. Bd8 Bxf2 31. Bg5 Bb6 32. Kc3 Bc5
33. Kd3 Bd4 34. Bd8 Be5 35. Bg5 Bg7 36. Bd8 Bh6 37. a4 Bg7 38. Bg5 Bf8 39. Kc3
Bc5 40. Kd3 Bb4 41. Bd8 Bd6 42. Bg5 Be5 43. Bd8 Bg3 44. Bg5 Be1 45. Ke2 Bb4 46.
Kd3 Ba5 47. Be7 Be1 48. Bg5 Bb4 49. Bd8 Bd6 50. Bg5 Be5 51. Bd8 Bf4 52. Be7 Be5
53. Bg5 Bg7 54. Bd8 Bh6 55. Kc3 Bf8 56. Bg5 Bd6 57. Kd3 Be5 58. Bd8 Bf4 1/2-1/2

[Event "Prva liga Srbije 2009"]
[Site "Kragujevac"]
[Date "2009.09.01"]
[Round "1"]
[White "Berkes, Ferenc"]
[Black "Sokolov, Ivan"]
[Result "1/2-1/2"]
[WhiteElo "2663"]
[BlackElo "2657"]
[PlyCount "73"]
[EventDate "2009.??.??"]
[Source "Perpetual Check"]

1. d4 d5 2. Bf4 Bg4 3. c3 Nf6 4. Qb3 Qc8 5. e3 e6 6. Nd2 Nbd7 7. h3 Bh5 8. Be2
c5 9. Bxh5 Nxh5 10. Bh2 Nhf6 11. Ngf3 Be7 12. O-O O-O 13. Rac1 Qc6 14. c4 Rfc8
15. Rfd1 Qa6 16. a3 cxd4 17. Nxd4 Nc5 18. Qb5 Nd3 19. Rc2 Qxb5 20. Nxb5 Ne8 21.
Nc3 dxc4 22. Nxc4 Nxf2 23. Rxf2 Rxc4 24. Rd7 Bf6 25. Rxb7 Bxc3 26. bxc3 f6 27.
Bb8 a5 28. Rfb2 Rxc3 29. R2b6 Rc8 30. a4 e5 31. Kf2 h5 32. Kf3 Kh7 33. Ke4 Rc4+
34. Kd3 Rc8 35. Ke4 Rc4+ 36. Kd3 Rc8 37. Ke4 1/2-1/2

[Event "Prva liga Srbije 2009"]
[Site "Kragujevac"]
[Date "2009.09.01"]
[Round "1"]
[White "Ivanisevic, Ivan"]
[Black "Sedlak, Nikola"]
[Result "1/2-1/2"]
[WhiteElo "2614"]
[BlackElo "2571"]
[PlyCount "142"]
[EventDate "2009.??.??"]
[Source "Perpetual Check"]

1. d4 e6 2. Nf3 f5 3. g3 Nf6 4. Bg2 d5 5. O-O Bd6 6. c4 c6 7. b3 Qe7 8. Qc2 O-O
9. Ne5 Bd7 10. Nd2 Be8 11. Ndf3 Ne4 12. Nd3 Nd7 13. Nfe5 Bh5 14. Bf4 Rac8 15.
Nxd7 Qxd7 16. Bxd6 Nxd6 17. e3 Qe7 18. c5 Nf7 19. f4 g5 20. b4 Nh6 21. a4 Ng4
22. Rae1 Be8 23. Bf3 Nh6 24. Qb2 a6 25. Rf2 Qf6 26. Be2 Rc7 27. Ne5 Nf7 28. Nf3
g4 29. Nh4 Nh8 30. h3 Rg7 31. hxg4 fxg4 32. Rh2 Nf7 33. Bd3 h5 34. e4 dxe4 35.
Rxe4 Bd7 36. a5 Rh7 37. Ng2 Rh6 38. Ne3 Rd8 39. Rh4 Kg7 40. Nc4 Be8 41. Qf2 Kg8
42. Qe3 Bd7 43. Nb6 Kg7 44. Bc4 Rhh8 45. Bb3 Rh6 46. Rh2 h4 47. Nxd7 Rxd7 48.
Rxe6 Qxd4 49. Qxd4+ Rxd4 50. Re7 Rf6 51. Rxh4 Rxb4 52. Rxg4+ Kf8 53. Rxf7+ Rxf7
54. Bxf7 Kxf7 55. Rh4 Rb5 56. Rh5 Rxa5 57. Kf2 Rb5 58. Kf3 a5 59. Ke4 a4 60.
Rh7+ Kg6 61. Rd7 a3 62. Rd6+ Kf7 63. Rd1 a2 64. Ra1 Ra5 65. Kd4 Ke6 66. Kc4 Kf5
67. Kb3 Kg4 68. Rxa2 Rxc5 69. Ra7 Rb5+ 70. Kc4 Kxg3 71. f5 Rxf5 1/2-1/2

[Event "Prva liga Srbije 2009"]
[Site "Kragujevac"]
[Date "2009.09.01"]
[Round "1"]
[White "Roganovic, Milos"]
[Black "Damljanovic, Branko"]
[Result "0-1"]
[WhiteElo "2474"]
[BlackElo "2559"]
[PlyCount "152"]
[EventDate "2009.??.??"]
[Source "Perpetual Check"]

1. e4 c5 2. Nf3 Nc6 3. d4 cxd4 4. Nxd4 Qc7 5. Nc3 e6 6. Be3 a6 7. Bd3 Nf6 8.
O-O Nxd4 9. Bxd4 Bc5 10. Be2 d6 11. Bxf6 gxf6 12. Qd2 Bd7 13. Kh1 h5 14. f4 Bc6
15. Bf3 O-O-O 16. Rab1 Qb6 17. Rfe1 h4 18. b4 Bxb4 19. a3 Bxc3 20. Qxc3 Qc5 21.
Qxf6 h3 22. g3 Rhf8 23. Rb3 d5 24. Qc3 Qxc3 25. Rxc3 Kb8 26. exd5 Bxd5 27. g4
Rh8 28. Kg1 Bxf3 29. Rxf3 Rh4 30. g5 Rd2 31. c3 Rg2+ 32. Kh1 Rc2 33. Kg1 Rg2+
34. Kh1 Ra2 35. Kg1 Rxa3 36. Kf2 Rg4 37. Rxh3 Rxf4+ 38. Rf3 Ra2+ 39. Kg3 Rxf3+
40. Kxf3 Rxh2 41. Ke4 Rf2 42. Rg1 Kc7 43. Kd3 Rf3+ 44. Kc2 Rf5 45. g6 fxg6 46.
Rxg6 Kd6 47. Rg7 Rb5 48. Kd3 a5 49. Rg8 Rd5+ 50. Ke4 Rc5 51. Kd3 b5 52. Ra8 a4
53. Rb8 e5 54. Rd8+ Kc7 55. Re8 Kd7 56. Rb8 e4+ 57. Kd2 e3+ 58. Kd3 Re5 59. Ke2
Kc7 60. Ra8 Kb7 61. Ra5 Kb6 62. Ra8 Kc5 63. Rc8+ Kd5 64. c4+ bxc4 65. Ra8 Kd4
66. Rxa4 Kc3 67. Ra8 Kb2 68. Rb8+ Kc2 69. Rc8 c3 70. Rb8 Kc1 71. Rc8 c2 72. Rb8
Rd5 73. Rb7 Rd2+ 74. Ke1 Rd3 75. Ke2 Ra3 76. Rb8 Ra2 0-1

[Event "Prva liga Srbije 2009"]
[Site "Kragujevac"]
[Date "2009.09.01"]
[Round "1"]
[White "Stojanovic, Mihajlo"]
[Black "Leskur, Dejan"]
[Result "0-1"]
[WhiteElo "2584"]
[BlackElo "2428"]
[PlyCount "84"]
[EventDate "2009.??.??"]
[Source "Perpetual Check"]

1. d4 Nf6 2. Nf3 c5 3. d5 g6 4. Nc3 Bg7 5. e4 d6 6. Be2 O-O 7. O-O Na6 8. Bf4
Nc7 9. a4 b6 10. Nd2 Nd7 11. Re1 Rb8 12. Nc4 Ba6 13. Ne3 Bxe2 14. Qxe2 a6 15.
Nc4 Ne5 16. Nxe5 Bxe5 17. Bxe5 dxe5 18. Nd1 Qd6 19. h4 b5 20. Ra3 e6 21. dxe6
Nxe6 22. Ne3 Qd4 23. Nd5 Nf4 24. Nxf4 exf4 25. c3 Qe5 26. axb5 axb5 27. Ra5 b4
28. Qc4 bxc3 29. Rxc5 Qe7 30. Qxc3 Qxh4 31. b4 Qg4 32. b5 Rfd8 33. Qb3 Rd6 34.
Rec1 Rbd8 35. f3 Qd7 36. Rc7 Rd1+ 37. Kh2 Rxc1 38. Rxc1 Qe7 39. b6 Rd7 40. Rb1
Qh4+ 41. Kg1 Rd2 42. Rf1 Qg3 0-1

[Event "Prva liga Srbije 2009"]
[Site "Kragujevac"]
[Date "2009.09.01"]
[Round "1"]
[White "Paunovic, Dragan"]
[Black "Drazic, Sinisa"]
[Result "1-0"]
[WhiteElo "2556"]
[BlackElo "2518"]
[PlyCount "143"]
[EventDate "2009.??.??"]
[Source "Perpetual Check"]

1. Nf3 g6 2. g3 Bg7 3. d4 f5 4. Bg2 Nf6 5. O-O O-O 6. c4 d6 7. Nc3 c6 8. Qb3
Na6 9. Rd1 Kh8 10. Rb1 Qa5 11. Bd2 Qc7 12. Qa3 Ne4 13. Be1 Nxc3 14. Bxc3 d5 15.
cxd5 cxd5 16. Rbc1 Qd8 17. Bd2 Be6 18. Bf4 Bf6 19. e3 Qb6 20. Be5 Kg8 21. Bxf6
exf6 22. Ne1 Rac8 23. Nd3 Bf7 24. Nc5 Rfd8 25. Nxa6 Qxa6 26. Qxa6 bxa6 27. Kf1
Kf8 28. Ke1 a5 29. Kd2 Ke7 30. Rc3 Rxc3 31. bxc3 Rb8 32. Kc2 Kd6 33. Rb1 Rb6
34. Bf1 Be8 35. Bd3 Bc6 36. h4 Ke6 37. Rb2 Kd6 38. Kc1 Bd7 39. f3 h6 40. Rb1 g5
41. Kd2 Bc8 42. Rb5 f4 43. exf4 gxf4 44. gxf4 Rxb5 45. Bxb5 Be6 46. Kc2 Bf5+
47. Kb3 Kc7 48. Bf1 Bd7 49. Bd3 Bc6 50. Ka3 Kd6 51. Bf5 Bb5 52. Kb2 Bc4 53. a3
Be2 54. Bg4 Kc6 55. Kc2 Kd6 56. Kd2 Bc4 57. Ke3 Kc6 58. Bf5 Kd6 59. Kf2 Ke7 60.
Kg3 Bb5 61. Kg4 Be8 62. Bd3 Kf7 63. c4 Bd7+ 64. f5 dxc4 65. Bxc4+ Kf8 66. d5
Ke7 67. Kh5 Kd6 68. Kxh6 Kc5 69. Ba2 Kd4 70. Kg7 Kc3 71. d6 Bxf5 72. Kxf6 1-0

[Event "Prva liga Srbije 2009"]
[Site "Kragujevac"]
[Date "2009.09.01"]
[Round "1"]
[White "Pap, Misa"]
[Black "Arsovic, Zoran"]
[Result "1/2-1/2"]
[WhiteElo "2484"]
[BlackElo "2468"]
[PlyCount "85"]
[EventDate "2009.??.??"]
[Source "Perpetual Check"]

1. e4 c5 2. c3 e6 3. d4 d5 4. e5 Qb6 5. Nf3 Nc6 6. Bd3 cxd4 7. cxd4 Bd7 8. O-O
Nxd4 9. Nbd2 Ne7 10. Nxd4 Qxd4 11. Nf3 Qa4 12. b3 Qa5 13. Bd2 Qd8 14. b4 Ng6
15. g3 Be7 16. h4 f6 17. Re1 O-O 18. Qb1 Be8 19. Kg2 fxe5 20. Nxe5 Qb6 21. Be3
Qxb4 22. Bxg6 Bxg6 23. Nxg6 hxg6 24. Qxg6 Bf6 25. Rab1 Qa5 26. Bf4 Rae8 27. h5
e5 28. h6 Qc7 29. Be3 d4 30. Bd2 Qf7 31. Qe4 b6 32. Re2 Rd8 33. Rb5 Rfe8 34. a4
g6 35. a5 bxa5 36. Re1 a4 37. Ra1 Rb8 38. Rxb8 Rxb8 39. Rxa4 Qb7 40. Kf3 Kh7
41. Qxb7+ Rxb7 42. g4 Rd7 43. Ke4 1/2-1/2

[Event "Prva liga Srbije 2009"]
[Site "Kragujevac"]
[Date "2009.09.01"]
[Round "1"]
[White "Rajkovic, Dusan"]
[Black "Laketic, Gojko"]
[Result "1-0"]
[WhiteElo "2472"]
[BlackElo "2479"]
[PlyCount "61"]
[EventDate "2009.??.??"]
[Source "Perpetual Check"]

1. d4 Nf6 2. c4 g6 3. Nc3 d5 4. Nf3 Bg7 5. cxd5 Nxd5 6. e4 Nxc3 7. bxc3 c5 8.
Be3 O-O 9. Qd2 cxd4 10. cxd4 Nc6 11. Rb1 Bg4 12. d5 Bxf3 13. gxf3 Ne5 14. Be2
Qc8 15. Bd4 Qh3 16. Rb3 Rac8 17. Qg5 Bf6 18. Qe3 Qg2 19. Rf1 Qxh2 20. Rc3 Rxc3
21. Qxc3 Qh3 22. Bxe5 Rc8 23. Bxf6 Rxc3 24. Bxc3 Qc8 25. Kd2 Qc5 26. Rb1 b6 27.
Rc1 Qxf2 28. Bb2 f5 29. e5 f4 30. e6 Qe3+ 31. Kd1 1-0

[Event "Prva liga Srbije 2009"]
[Site "Kragujevac"]
[Date "2009.09.01"]
[Round "1"]
[White "Nestorovic, Dejan"]
[Black "Arsovic, Goran"]
[Result "1/2-1/2"]
[WhiteElo "2434"]
[BlackElo "2439"]
[PlyCount "37"]
[EventDate "2009.??.??"]
[Source "Perpetual Check"]

1. d4 Nf6 2. c4 g6 3. Nc3 d5 4. Nf3 Bg7 5. Bg5 Ne4 6. cxd5 Nxg5 7. Nxg5 e6 8.
Qd2 h6 9. Nh3 exd5 10. Nf4 O-O 11. e3 Re8 12. Be2 c6 13. O-O a5 14. a3 Bf8 15.
Bf3 Nd7 16. Rfe1 Nf6 17. e4 dxe4 18. Nxe4 Bf5 19. Nc3 1/2-1/2

[Event "Prva liga Srbije 2009"]
[Site "Kragujevac"]
[Date "2009.09.01"]
[Round "1"]
[White "Sarenac, Ivan"]
[Black "Nestorovic, Nikola"]
[Result "0-1"]
[WhiteElo "2353"]
[BlackElo "2412"]
[PlyCount "78"]
[EventDate "2009.??.??"]
[Source "Perpetual Check"]

1. e4 e5 2. Nf3 Nc6 3. Bb5 a6 4. Ba4 Nf6 5. O-O Be7 6. Re1 b5 7. Bb3 O-O 8. h3
d6 9. c3 Na5 10. Bc2 c5 11. d4 Nd7 12. Nbd2 exd4 13. cxd4 Nc6 14. d5 Nce5 15.
Nxe5 Nxe5 16. a4 Bb7 17. f4 Ng6 18. Nf3 Bf6 19. Kh2 Re8 20. Ra2 Nh4 21. Bd2
Nxf3+ 22. Qxf3 Bd4 23. Rea1 b4 24. a5 f5 25. Re1 Qf6 26. b3 Qf7 27. g4 fxe4 28.
Bxe4 Rxe4 29. Qxe4 Bxd5 30. Qd3 Bxb3 31. Raa1 Bc4 32. Qe4 Bd5 33. Qd3 Bxa1 34.
Rxa1 Re8 35. Qxa6 c4 36. Kg3 c3 37. Qxd6 cxd2 38. Qxb4 Re3+ 39. Kh2 Re2+ 0-1

[Event "Prva liga Srbije 2009"]
[Site "Kragujevac"]
[Date "2009.09.01"]
[Round "1"]
[White "Efimenko, Zahar"]
[Black "Kosic, Dragan"]
[Result "1/2-1/2"]
[WhiteElo "2654"]
[BlackElo "2495"]
[PlyCount "111"]
[EventDate "2009.??.??"]
[Source "Perpetual Check"]

1. e4 e6 2. d4 d5 3. Nc3 Nf6 4. e5 Nfd7 5. f4 c5 6. Nf3 Nc6 7. Be3 cxd4 8. Nxd4
Bc5 9. Qd2 Nxd4 10. Bxd4 Bxd4 11. Qxd4 Qb6 12. Nb5 Qxd4 13. Nxd4 Ke7 14. O-O-O
Nc5 15. Be2 h5 16. Rhf1 g6 17. c4 dxc4 18. Bxc4 Bd7 19. Kd2 Rac8 20. Rc1 Rhd8
21. Ke3 Na4 22. b4 Nb6 23. Bb3 Rxc1 24. Rxc1 Rc8 25. Rxc8 Nxc8 26. a4 Kd8 27.
b5 Ne7 28. a5 b6 29. a6 Nf5+ 30. Nxf5 gxf5 31. Bc4 h4 32. Kf3 Ke7 33. g4 hxg3
34. Kxg3 f6 35. exf6+ Kxf6 36. h4 Be8 37. Be2 Bf7 38. Kf2 Be8 39. Ke3 Bg6 40.
Kd4 Be8 41. h5 Bf7 42. h6 Bg6 43. Bf3 Bh7 44. Bh5 Bg8 45. Kd3 Bh7 46. Ke3 Bg8
47. Kf3 Bh7 48. Kg3 Bg6 49. Kh4 Bh7 50. Be8 Ke7 51. Bc6 Kf6 52. Bd7 Bg6 53. Bc6
Bh7 54. Be8 Bg6 55. Bc6 Bh7 56. Be8 1/2-1/2

[Event "Prva liga Srbije 2009"]
[Site "Kragujevac"]
[Date "2009.09.01"]
[Round "1"]
[White "Zlatic, Mihailo"]
[Black "Abramovic, Bosko"]
[Result "1/2-1/2"]
[WhiteElo "2456"]
[BlackElo "2471"]
[PlyCount "89"]
[EventDate "2009.??.??"]
[Source "Perpetual Check"]

1. e4 e5 2. Nf3 Nc6 3. Bc4 Bc5 4. O-O Nf6 5. d3 d6 6. c3 a6 7. Bb3 Ba7 8. Nbd2
O-O 9. h3 h6 10. Re1 Nh5 11. Nf1 Qf6 12. Ne3 Nf4 13. Nd5 Nxd5 14. Bxd5 Ne7 15.
Bb3 Ng6 16. d4 Be6 17. Be3 Rfe8 18. Bc2 c6 19. Nh2 Nf4 20. Qf3 g5 21. Rad1 Qg6
22. dxe5 dxe5 23. Bxa7 Rxa7 24. Ng4 Bxg4 25. hxg4 b5 26. Bb3 c5 27. g3 Ne6 28.
Bd5 Kg7 29. Bxe6 Rxe6 30. Rd5 c4 31. Red1 Qf6 32. Qe3 Rc7 33. Kg2 Rec6 34. R1d2
Re6 35. Qe2 Rcc6 36. Qd1 Qg6 37. f3 h5 38. gxh5 Qxh5 39. Qh1 Qxh1+ 40. Kxh1 g4
41. Kg2 gxf3+ 42. Kxf3 Rf6+ 43. Kg2 Rce6 44. Rd7 Rg6 45. Rf2 1/2-1/2